000 00710nam a2200253Ia 4500
003 OSt
005 20220930201315.0
006 a|||||r|||| 00| 0
007 ta
008 220926b |||||||| |||| 00| 0 hin d
024 _a72469
037 _cDissertations
040 _aCRL
_cCRL
_bhin
041 _2hin
_ahin
100 _aGiyawali Dashraj
_9565676
110 _aUniversity of Delhi. Faculty of Arts. Department of Sanskrit
245 0 _aSmriti tarangam ka sahityik adhyayan
260 _c1990
300 _a93p.
_ccm.
650 _aSANSKRIT
700 _aUniversity of Delhi. Faculty of Arts. Department of Sanskrit
942 _cDIS
_2CC
999 _c901733
_d901733